000 01203nam a22003497a 4500
001 0064603
003 KOHA_MİRAKIL
005 20260207004501.0
007 ta
008 190313b2016 tu |||gr||||#||||0|tur |
020 _a9786051334158
040 _aTR-BiSEU
_btur
_cTR-BiSEU
_erda
041 0 _atur
044 _ctu
050 _aHC241.25
_b.A93 2016
100 1 _aAyata, Ali.
245 1 _aAvrupa Birliği ve Türkiye ile ilişkileri: ilişkilerin siyasi, askeri, ekonomik ve kültürel çerçevesi/
_cAli Ayata ; Ali Ayata, Murat Ercan.
250 _aGüncellenmiş 2. baskı
264 1 _aAnkara :
_bNobel Akademik Yayıncılık
_c2016
300 _aXIV, 666 sayfa; 24 cm.
336 _ametin
_btxt
_2rdacontent
337 _aaracısız
_bn
_2rdamedia
338 _acilt
_bnc
_2rdacarrier
490 1 _aNobel yayın nu;513.
490 1 _aİktisadi-İdari Bilimler nu ;
_v100.
500 _aKaynakça var.
650 0 _aAvrupa Birliği--Uluslararası ilişkiler--Türkiye.
_923592
650 0 _aEuropean Union--International relations--Turkey.
_983282
830 1 _aNobel yayın nu;513.
_9118719
830 1 _aİktisadi-İdari Bilimler nu ;
_v100.
_9118720
942 _2lcc
_cBK
999 _c64397
_d64397